000 00277cam a2200109ua 4500
082 _a954.04
_bKRI/IN
100 _aKrishna Menon, U.K .
_91735
245 _aIndiayum Chinayum Akramanavum /
260 _aKodungallur :
_bRamanatha Prabhu ,
_c1964.
300 _a107 ; .
942 _cBK
999 _c702
_d702